00781cam a22002411 450000100060000000300080000600500170001400800410003103500190007204000320009104100080012308200220013110000280015324500350018125000120021626000480022830000350027650400200031165000300033194200120036199900170037395201490039028236BD-RjUL20211209051244.0140329t1967 nyua 001 0 eng d a(BD-RjUL)28317 aDLCcDLCdDLCdBD-RjULbeng aeng00a792.027bCOS 19671 aCorson, Richard.98647310aStage makeup /cRichard Corson a4th ed. aNew York :bAppleton-Century-Crofts,cc1967 axxii, 456 p. :bill. ;c24 cm. aincludes index. 0aTheatrical makeup.950572 2ddccBK c28236d28236 00102ddc40728NFICaRUCLbRUCLcReadingd1973-06-11eDacca book centre g99.00l0o792.027 COS 1967r2014-03-29 00:00:00tC-1w2014-03-29yBK